MARC

LEADER 00000nam0a2200000 4500
001 79524
005 20231101213046.0
035 |a (RuTPU)RU\TPU\book\85494 
090 |a 79524 
100 |a 20050819d1983 km y0rusy50 ca 
101 0 |a rus 
102 |a BY 
105 |a y g 001zy 
200 1 |a Справочник-указатель профессий рабочих. Основные производства СССР  |f В. И. Потапович 
210 |a Минск  |c Вышэйшая школа  |d 1983 
215 |a 271 с. 
320 |a Библиогр.: с. 262-264 
606 1 |a Тарифно-квалификационные справочники работ и профессий  |2 stltpush  |3 (RuTPU)RU\TPU\subj\37041  |9 58206 
610 1 |a рабочие 
610 1 |a профессии 
610 1 |a отрасли народного хозяйства 
610 1 |a металлообработка 
610 1 |a слесарно-сборочные работы 
610 1 |a строительные работы 
610 1 |a горное дело 
610 1 |a строительные работы 
610 1 |a топографо-геодезические работы 
610 1 |a швейное производство 
610 1 |a пищевая промышленность 
610 1 |a справочники 
686 |a У9(2)240.3я2  |2 rubbk 
700 1 |a Потапович  |b В. И.  |g Владимир Иосифович 
801 1 |a RU  |b 63413507  |c 20050819  |g PSBO 
801 2 |a RU  |b 63413507  |c 20180704  |g RCR 
942 |c BK